Gaming Quiz

Random Gaming or Pokémon Quiz

All Pokemon Weak to Flying Quiz Stats

 Plays Quiz not verified by Sporcle

Support Sporcle.
Go Orange.
Score 0/225 Timer 20:00
0 Plays Today
Gen Pokemon % Correct
IBulbasaur
100%
IIvysaur
99.8%
IVenusaur (Mega Venusaur as well)
99.8%
ICaterpie
99.7%
IMetapod
99.7%
IWeedle
99.2%
IKakuna
99.2%
IBeedrill (Mega Beedrill as well)
99.2%
IMachop
98.9%
IMachoke
98.9%
IMachamp
98.9%
VIIIGrookey
98.9%
IOddish
98.8%
IGloom
98.8%
IIChikorita
98.8%
IIBayleef
98.8%
IParas
98.6%
IParasect
98.6%
IVileplume
98.6%
IIMeganium
98.6%
IMankey
98.4%
IPrimeape
98.4%
VSnivy
98.4%
VSerperior
98.4%
VIIIRillaboom
98.3%
IBellsprout
98.3%
IVTurtwig
98.3%
IVGrotle
98.3%
IVTorterra
98.3%
VServine
98.3%
IHitmonlee
98.1%
IHitmonchan
98.1%
IWeepinbell
98.1%
IVictreebel
98.1%
IIITreecko
98.1%
IIIGrovyle
98.1%
IIISceptile (Mega Sceptile as well)
98.1%
IIHitmontop
97.8%
IVenonat
97.7%
IVenomoth
97.7%
IIISilcoon
97.7%
IIICascoon
97.7%
IIIDustox
97.7%
IITyrogue
97.7%
IIIWurmple
97.5%
IIBellossom
97.5%
IIISeedot
97.3%
IIINuzleaf
97.3%
IIIShiftry
97.3%
VIIDecidueye
97.2%
IPinsir (Mega Pinsir as well)
96.7%
IVWormadam (Plant & Sand Cloak)
96.7%
IIIBreloom
96.7%
IIIHariyama
96.7%
VVirizion
96.7%
VIChesnaught
96.7%
IButterfree
96.6%
VSwadloon
96.6%
VLeavanny
96.6%
IIIMakuhita
96.6%
VTimburr
96.6%
VGurdurr
96.6%
ITangela
96.6%
IIIShroomish
96.6%
VIIIThwackey
96.6%
IIISurskit
96.4%
IVBurmy
96.4%
VSewaddle
96.4%
IIIMedicham (Mega Medicham as well)
96.4%
VConkeldurr
96.4%
VIChespin
96.4%
VIQuilladin
96.4%
IIIMeditite
96.3%
IExeggcute
96.3%
IExeggutor (Alola Exeggutor as well)
96.3%
Gen Pokemon % Correct
VIIIUrshifu
96.2%
IIHeracross (Mega Heracross as well)
96.1%
VThroh
96.1%
VSawk
96.1%
VISpewpa
95.9%
IISpinarak
95.8%
IIAriados
95.8%
VWhirlipede
95.8%
IIIShedinja
95.6%
VScolipede
95.6%
VIScatterbug
95.6%
IVTangrowth
95.6%
IVShaymin (Land & Sky Formes)
95.6%
VLilligant
95.6%
VVenipede
95.5%
VPansage
95.5%
VSimisage
95.5%
VPetilil
95.5%
VIIIOrbeetle
95.4%
IIINincada
95.3%
IISunkern
95.3%
IISunflora
95.3%
VIIIKubfu
95.2%
IIJumpluff
95.2%
IIICacturne
95.2%
VCottonee
95.2%
VWhimsicott
95.2%
VMienshao
95%
IIHoppip
95%
IISkiploom
95%
IIICacnea
95%
VIIIDottler
94.9%
VMienfoo
94.9%
IIIRoselia
94.9%
IVRiolu
94.7%
IVLeafeon
94.7%
VIIBuzzwole
94.6%
IIIBeautifly
94.5%
VIIPheromosa
94.4%
VIIMarshadow
94.4%
IVKricketot
94.4%
IVKricketune
94.4%
VVolcarona
94.4%
VIIIBlipbug
94.3%
VIIIZamazenta (Hero of Many Battles)
94.3%
VLarvesta
94.2%
IPoliwrath
94.2%
IILedyba
94.1%
IILedian
94.1%
IVMonferno
94.1%
IVInfernape
94.1%
IVArceus (Grass, Fighting or Bug-type)
93.9%
IVBudew
93.9%
IVRoserade
93.9%
VIILurantis
93.7%
IIICombusken
93.6%
IIIBlaziken (Mega Blaziken as well)
93.6%
VPignite
93.6%
VEmboar
93.6%
IIILotad
93.6%
IIILudicolo
93.6%
IVCherubi
93.6%
IVCherrim
93.6%
VIIRowlet
93.5%
IScyther
93.4%
IVMothim
93.4%
IIILombre
93.4%
VIIDartrix
93.3%
VIIFomantis
93.3%
VIITsareena
93.3%
IIIMasquerain
93.1%
VIIIEldegoss
93.1%
VIIBounsweet
93.1%
VIISteenee
92.9%
VIVivillon
92.8%
Gen Pokemon % Correct
IIITropius
92.7%
IVCarnivine
92.7%
VIIIGossifleur
92.6%
VIISilvally (Type: Grass, Fighting or Bug)
92.6%
IIYanma
92.5%
IIIVolbeat
92.5%
IIIIllumise
92.5%
IVCombee
92.5%
IIINinjask
92.4%
IVVespiquen
92.4%
VShelmet
92.4%
VKeldeo
92.4%
VISkiddo
92.2%
VIGogoat
92.2%
IVYanmega
92%
VAccelgor
92%
VMaractus
92%
VIIICalyrex
91.9%
VKarrablast
91.9%
VIICrabominable
91.6%
VIIGrubbin
91.6%
IICelebi
91.4%
VIICrabrawler
91.2%
VIIRibombee
91.2%
VIICutiefly
91.1%
IIPineco
91%
VIIGolisopod
90.5%
VIIWimpod
90.3%
VIIISirfetch'd
90.3%
VMeloetta (Pirouette Forme)
90.2%
VIPangoro
90.2%
VIPancham
90%
IVAbomasnow (Mega Abomasnow as well)
89.9%
VIPhantump
89.9%
VITrevenant
89.9%
VIIIClobbopus
89.7%
VIIIGrapploct
89.7%
IVSnover
89.7%
VIPumpkaboo
89.7%
VIGourgeist
89.7%
VIIIZarude
89.4%
VIHawlucha
89.4%
VIIMorelull
89.2%
VIIShiinotic
89.2%
VIIIFlapple
89.1%
IGalar Zapdos
88.7%
IGalar Farfetch'd
88.6%
VIIIApplin
88.6%
VIIIFalinks
88.6%
VDeerling
88.3%
VSawsbuck
88.3%
VIIPassimian
88.1%
VIIKommo-o
88.1%
VIIIAppletun
88%
IVCroagunk
88%
IVToxicroak
88%
VFoongus
88%
VAmoonguss
88%
VIITapu Bulu
87.9%
VIIHakamo-o
87.9%
VIIDhelmise
87.5%
VScraggy
86.9%
VScrafty
86.9%
VIIISizzlipede
86.9%
VIIDewpider
86.6%
VIIAraquanid
86.6%
VIIICentiskorch
86.3%
IMega Mewtwo X
85.6%
VIIISnom
85.1%
VIIIFrosmoth
84.6%
IVSkorupi
84.6%
IVMega Lopunny
84.2%
IVGallade (Mega Gallade as well)
83.5%
VIIStufful
82.1%
VIIBewear
82.1%

You're not logged in!

Compare scores with friends on all Sporcle quizzes.
OR
Log In

From the Vault

States A-Z in Groups of 3

by MSUKent

Here's another state of the art quiz.
Remove Ads.
Support Sporcle.
Get the best of Sporcle when you Go Orange. This ad-free experience offers more features, more stats, and more fun while also helping to support Sporcle. Thank you for becoming a member.

Show Comments

Extras

Top Quizzes Today


Score Distribution

Your Account Isn't Verified!

In order to create a playlist on Sporcle, you need to verify the email address you used during registration. Go to your Sporcle Settings to finish the process.

Report this User

Report this user for behavior that violates our Community Guidelines.

Details: